[Event "POLFINAL MISTRZOSTW POLSKI JUNIOROW 2016 - C15"]
[Site "Centrum Kongresow i Rekreacji Orle Gniazdo ul. Wrzosowa 28a, Szczyrk"]
[Date "1899-12-30"]
[Round "6.7"]
[White "Kupiecki, Szymon"]
[Black "Sloniewski, Michal"]
[Result "1-0"]
[WhiteTitle "II"]
[BlackTitle "I"]
[WhiteElo "1742"]
[BlackElo "1579"]

1. e4 d5 2. exd5 Nf6 3. d4 Bg4 4. Nf3 Nxd5 5. Be2 e6 6. O-O Be7 7. c4 Nb6 8. Be3
O-O 9. Ne5 Bxe2 10. Qxe2 N8d7 11. Rd1 c6 12. Nc3 Nxe5 13. dxe5 Qc7 14. f4 Rad8
15. Ne4 Rxd1+ 16. Rxd1 Rd8 17. b3 f6 18. exf6 Rxd1+ 19. Qxd1 Bxf6 20. Nxf6+ gxf6
21. Qg4+ Kh8 22. Qxe6 Qd8 23. Kf2 Kg7 24. f5 Nc8 25. Qe4 Qc7 26. Qg4+ Kh8 27.
Bd4 Qe7 28. Qh4 Kg7 29. Qg5+ Kf7 30. Qh6 Ke8 31. Bxf6 Qd7 32. g4 Nd6 33. Qe3+
Kf7 34. Be5 Ne8 35. Qh6 Qd1 36. Qxh7+ Kf8 37. Qh6+ Ke7 38. Qe6+ Kf8 39. Bf4 Qd4+
40. Be3 Qb2+ 41. Kf3 Qc3 42. Kf4 Qa5 43. Kg5 Ng7 44. Qf6+ Kg8 45. Bd4 Qd2+ 46.
Kg6 Ne8 47. Qf7# 1-0

[Event "POLFINAL MISTRZOSTW POLSKI JUNIOROW 2016 - C15"]
[Site "Centrum Kongresow i Rekreacji Orle Gniazdo ul. Wrzosowa 28a, Szczyrk"]
[Date "1899-12-30"]
[Round "6.8"]
[White "Burzak, Wojciech"]
[Black "Urbanski, Wojciech"]
[Result "1/2-1/2"]
[WhiteTitle "I"]
[BlackTitle "II"]
[WhiteElo "1624"]
[BlackElo "1730"]

1. e4 c5 2. Nf3 d6 3. d4 cxd4 4. Nxd4 Nf6 5. Nc3 a6 6. f3 e5 7. Nb3 Be6 8. Be3
Be7 9. Qd2 O-O 10. O-O-O a5 11. Bb5 Nbd7 12. g4 Nb6 13. g5 Nfd7 14. Bxd7 Bxd7
15. Bxb6 Qxb6 16. Nd5 Qd8 17. Nxe7+ Qxe7 18. Kb1 Ra6 19. h4 Rfa8 20. Nc5 Rb6 21.
Nxd7 Qxd7 22. Qd5 Qa4 23. Rd3 Rc8 24. Rc1 Kf8 25. Rb3 Rxb3 26. Qxd6+ Kg8 27. axb3
Qb5 28. Rd1 g6 29. Qd3 Qc6 30. Rd2 a4 31. Qc4 axb3 32. Qxc6 Rxc6 33. cxb3 Rb6
34. Kc2 Rc6+ 35. Kd3 Kf8 36. Ke3 Rb6 37. Rd3 Ke7 38. f4 f6 39. f5 Rb4 40. fxg6
hxg6 41. gxf6+ Kxf6 42. Kf3 Ke6 43. Re3 Rd4 1/2-1/2

[Event "POLFINAL MISTRZOSTW POLSKI JUNIOROW 2016 - C15"]
[Site "Centrum Kongresow i Rekreacji Orle Gniazdo ul. Wrzosowa 28a, Szczyrk"]
[Date "1899-12-30"]
[Round "6.9"]
[White "Radecki, Adam"]
[Black "Marczak, Szymon"]
[Result "0-1"]
[WhiteTitle "I"]
[BlackTitle "I"]
[WhiteElo "1456"]
[BlackElo "1789"]

1. e4 c5 2. c3 Nf6 3. e5 Nd5 4. d4 cxd4 5. cxd4 e6 6. Nf3 d6 7. a3 Be7 8. Bd3 Bd7
9. O-O Bc6 10. Re1 Nd7 11. Qe2 dxe5 12. dxe5 Nc5 13. Bc2 a6 14. Nd4 Nf4 15. Bxf4
Qxd4 16. Qe3 Qxb2 17. Nd2 Qxc2 18. Rac1 Qg6 19. f3 Nd3 20. Rc3 Nxe1 21. Qxe1 O-O
22. Re3 Bc5 0-1

[Event "POLFINAL MISTRZOSTW POLSKI JUNIOROW 2016 - C15"]
[Site "Centrum Kongresow i Rekreacji Orle Gniazdo ul. Wrzosowa 28a, Szczyrk"]
[Date "1899-12-30"]
[Round "6.10"]
[White "Galuszka, Tomasz"]
[Black "Kaminski, Antoni"]
[Result "0-1"]
[WhiteTitle "II+"]
[BlackTitle "II+"]
[WhiteElo "1752"]
[BlackElo "1611"]

1. e4 c5 2. Nf3 g6 3. c4 Nc6 4. d4 cxd4 5. Nxd4 Bg7 6. Be3 Nf6 7. Nc3 Ng4 8. Qxg4
Nxd4 9. Qd1 e5 10. Bd3 O-O 11. O-O d6 12. Qd2 Qh4 13. Bxd4 exd4 14. Ne2 Re8 15.
Qf4 Qd8 16. Qg3 Bd7 17. Rad1 Rc8 18. b3 Rc5 19. f3 Rh5 20. Qf2 Qg5 21. Qg3 Qh6
22. Qf4 g5 23. Qg3 Kh8 24. f4 gxf4 25. Qxf4 Rg5 26. h4 Rg6 27. Qxh6 Bxh6 28. Kh2
Reg8 29. g3 R6g7 30. Rf6 Be3 31. Rdf1 Be6 32. a3 b6 33. a4 a5 34. R6f3 Bg4 35.
Rxf7 Bxe2 36. Bxe2 Rxg3 37. Rf8 Rg2+ 38. Kh3 Rxe2 39. Rxg8+ Kxg8 40. Rf6 d3 41.
Rxd6 d2 42. e5 Kf7 43. Kg4 Re1 0-1

[Event "POLFINAL MISTRZOSTW POLSKI JUNIOROW 2016 - C15"]
[Site "Centrum Kongresow i Rekreacji Orle Gniazdo ul. Wrzosowa 28a, Szczyrk"]
[Date "1899-12-30"]
[Round "6.11"]
[White "Rak, Maciej"]
[Black "Butyrowski, Marcel"]
[Result "1/2-1/2"]
[WhiteTitle "II+"]
[BlackTitle "I"]
[WhiteElo "1619"]
[BlackElo "1742"]

1. e4 c5 2. d4 cxd4 3. c3 d3 4. Bxd3 g6 5. Nf3 Bg7 6. O-O Nc6 7. Be3 d6 8. h3 Nf6
9. Nbd2 O-O 10. Qe2 Qc7 11. Nb3 d5 12. exd5 Nxd5 13. Be4 Nxe3 14. Qxe3 a5 15.
Bxc6 bxc6 16. Rfe1 e6 17. Qc5 a4 18. Nbd4 Bb7 19. b4 Rad8 20. Qa7 e5 21. Ne2 e4
22. Nfd4 Ra8 23. Qc5 Rfe8 24. Rab1 Re5 25. Qc4 c5 26. Nc2 Bd5 27. Qxc5 Qxc5 28.
bxc5 Bxa2 29. Rb2 Bc4 30. c6 Rc5 31. Ned4 Bxd4 32. Nxd4 a3 33. Rb7 a2 34. Nc2
Bd5 35. Ra1 Rxc6 36. Nb4 Rd6 37. Nxd5 Rxd5 38. Rb2 Rda5 39. c4 Kf8 40. Kf1 Ra3
41. Ke2 Rc3 42. Raxa2 Rxa2 43. Rxa2 Rxc4 44. Ke3 Kg7 45. g3 f5 46. h4 Kh6 47.
Rb2 Rc3+ 48. Ke2 Rf3 49. Rb7 Rc3 50. Ra7 Rc6 51. Ke3 Rc1 52. Ke2 Rh1 53. f3 exf3+
54. Kxf3 Rf1+ 55. Kg2 Rb1 56. Rc7 Rb4 57. Kf3 Rg4 58. Rf7 Rc4 59. Rb7 Rc8 60.
Kf4 Rg8 61. g4 fxg4 62. Kxg4 Rg7 63. Rxg7 Kxg7 64. h5 1/2-1/2

[Event "POLFINAL MISTRZOSTW POLSKI JUNIOROW 2016 - C15"]
[Site "Centrum Kongresow i Rekreacji Orle Gniazdo ul. Wrzosowa 28a, Szczyrk"]
[Date "1899-12-30"]
[Round "6.12"]
[White "Ciesielski, Jan"]
[Black "Golinski, Kacper"]
[Result "1-0"]
[WhiteTitle "II+"]
[BlackTitle "II"]
[WhiteElo "1784"]
[BlackElo "1414"]

1. d4 d5 2. f4 Nf6 3. Nf3 e6 4. e3 c5 5. c3 Nc6 6. Bd3 Bd6 7. Ne5 Bd7 8. Nd2 Qc7
9. O-O a6 10. Qe2 b5 11. a3 O-O 12. Rf3 Rfb8 13. Rh3 h6 14. g4 Kf8 15. Ndf3 Ke7
16. g5 Ng8 17. Qg2 Qd8 18. gxh6 gxh6 19. Qg7 Qf8 20. Ng6+ 1-0

[Event "POLFINAL MISTRZOSTW POLSKI JUNIOROW 2016 - C15"]
[Site "Centrum Kongresow i Rekreacji Orle Gniazdo ul. Wrzosowa 28a, Szczyrk"]
[Date "1899-12-30"]
[Round "6.13"]
[White "Lendzion, Kamil"]
[Black "Zolkiewski, Jakub"]
[Result "0-1"]
[WhiteTitle "II"]
[BlackTitle "I"]
[WhiteElo "1417"]
[BlackElo "1607"]

1. e4 e5 2. Nf3 Nc6 3. d4 exd4 4. Nxd4 Bc5 5. Be3 Qf6 6. c3 Nge7 7. Bc4 O-O 8.
O-O d6 9. Nxc6 Nxc6 10. Bxc5 dxc5 11. Na3 a6 12. Nc2 Be6 13. Bxe6 Qxe6 14. Qd5
Rfe8 15. Rfe1 Qe7 16. f3 Rad8 17. Qb3 b5 18. Ne3 c4 19. Qc2 Qc5 20. Kh1 Ne5 21.
Nd5 Nd3 22. Re2 Rd7 23. Rd1 c6 24. Nf4 Nf2+ 25. Rxf2 Qxf2 26. Ne2 Red8 27. Rxd7
Rxd7 28. h3 Qe1+ 29. Ng1 Rd1 30. Kh2 Qxg1+ 0-1

[Event "POLFINAL MISTRZOSTW POLSKI JUNIOROW 2016 - C15"]
[Site "Centrum Kongresow i Rekreacji Orle Gniazdo ul. Wrzosowa 28a, Szczyrk"]
[Date "1899-12-30"]
[Round "6.14"]
[White "Dyrda, Jakub"]
[Black "Gazda, Dominik"]
[Result "1/2-1/2"]
[WhiteTitle "II"]
[BlackTitle "II+"]
[WhiteElo "1575"]
[BlackElo "1377"]

1. d4 d5 2. Bg5 Nf6 3. Bxf6 exf6 4. e3 Bf5 5. Nf3 Bd6 6. c4 c6 7. cxd5 cxd5 8.
Nc3 Qa5 9. Qb3 Bb4 10. Rc1 O-O 11. Be2 Nd7 12. O-O Be6 13. a3 Bd6 14. Qxb7 Rab8
15. Qc6 Be7 16. Qa4 Qxa4 17. Nxa4 Nb6 18. Nc5 Bxc5 19. dxc5 Nc4 20. Bxc4 dxc4
21. Nd4 Rxb2 22. Nxe6 fxe6 23. Rxc4 Rc8 24. Rd1 Rc7 25. g3 Kf7 26. c6 Ke8 27.
Rd7 Rxc6 28. Rxc6 Kxd7 29. Ra6 Rb7 30. Kg2 Ke7 31. h4 f5 32. Kf3 Kf6 33. g4 g6
34. Kf4 Rd7 35. f3 Rc7 36. e4 fxg4 37. Kxg4 h6 38. f4 h5+ 39. Kf3 Rc3+ 40. Ke2
Rc7 41. Kd3 Ke7 1/2-1/2

[Event "POLFINAL MISTRZOSTW POLSKI JUNIOROW 2016 - C15"]
[Site "Centrum Kongresow i Rekreacji Orle Gniazdo ul. Wrzosowa 28a, Szczyrk"]
[Date "1899-12-30"]
[Round "6.15"]
[White "Wolak, Kamil"]
[Black "Wilk, Radoslaw"]
[Result "0-1"]
[WhiteTitle "II"]
[BlackTitle "II"]
[WhiteElo "1385"]
[BlackElo "1499"]

1. e4 c5 2. Nf3 d6 3. d4 cxd4 4. Nxd4 Nf6 5. Nc3 a6 6. f3 Nbd7 7. Be3 e6 8. Qd2
b5 9. O-O-O Qc7 10. Kb1 b4 11. Na4 d5 12. g4 dxe4 13. g5 Nd5 14. fxe4 Nxe3 15.
Qxe3 Nc5 16. Nxc5 Bxc5 17. Bc4 e5 18. Qg3 Bxd4 19. Rxd4 Qc5 20. Bd5 Qxd4 21. Bxa8
Be6 22. Bc6+ Ke7 23. Qd3 Qxd3 24. cxd3 Rd8 25. Rd1 Bc4 26. Kc2 Bxd3+ 27. Rxd3
Rc8 28. Rd7+ Ke6 29. Rd2 a5 30. Rd5 a4 31. Ra5 Rxc6+ 32. Kd3 a3 33. bxa3 Rc3+
34. Kd2 Rxa3 35. Rxa3 bxa3 36. Kc3 f5 37. exf5+ Kxf5 38. h4 Kf4 39. Kd2 Kf3 40.
Ke1 Ke3 41. h5 g6 42. h6 e4 0-1

[Event "POLFINAL MISTRZOSTW POLSKI JUNIOROW 2016 - C15"]
[Site "Centrum Kongresow i Rekreacji Orle Gniazdo ul. Wrzosowa 28a, Szczyrk"]
[Date "1899-12-30"]
[Round "6.16"]
[White "Zerebiec, Maurycy"]
[Black "Kosztyla, Mateusz"]
[Result "1-0"]
[WhiteTitle "II"]
[BlackTitle "II"]
[WhiteElo "1488"]
[BlackElo "1288"]

1. d4 d5 2. c4 e6 3. Nc3 Nf6 4. Bg5 Be7 5. Nf3 O-O 6. e3 h6 7. Bh4 b6 8. Be2 Bb7
9. O-O Nbd7 10. Rc1 Rc8 11. cxd5 Nxd5 12. Bxe7 Nxe7 13. Qd3 c5 14. dxc5 Nxc5 15.
Qxd8 Rfxd8 16. Rfd1 Ng6 17. Nb5 Ba6 18. Nbd4 Bxe2 19. Nxe2 Ne4 20. Rxd8+ Rxd8
21. Ned4 a6 22. Rc6 e5 23. Nc2 Rd1+ 24. Nce1 Ng5 25. Kf1 Nxf3 26. gxf3 e4 27.
fxe4 Ne5 28. Rxb6 Nd3 29. Ke2 Rxe1+ 30. Kxd3 Rh1 31. Rxa6 Rxh2 32. Ke2 Rh5 33.
a4 Re5 34. f3 h5 35. Kf2 Rg5 36. Rb6 Ra5 37. b3 Kf8 38. Kg3 Ke7 39. f4 g6 40.
Kh4 Ra7 41. f5 gxf5 42. exf5 Ra5 43. Rb5 Ra6 44. Kxh5 Kf6 45. a5 Ra8 46. e4 Rh8+
47. Kg4 1-0

[Event "POLFINAL MISTRZOSTW POLSKI JUNIOROW 2016 - C15"]
[Site "Centrum Kongresow i Rekreacji Orle Gniazdo ul. Wrzosowa 28a, Szczyrk"]
[Date "1899-12-30"]
[Round "6.17"]
[White "Guzik, Kacper"]
[Black "Piersiak, Krystian"]
[Result "1/2-1/2"]
[WhiteTitle "II"]
[BlackTitle "II"]
[WhiteElo "1182"]
[BlackElo "1461"]

1. e4 c6 2. d4 d5 3. exd5 cxd5 4. Bd3 Nc6 5. Be3 Nf6 6. h3 e6 7. Nf3 Bd6 8. c3
Bd7 9. Nbd2 Qc7 10. Qc2 h6 11. O-O O-O 12. Rfe1 Rac8 13. Rac1 a6 14. Nb3 b5 15.
Nc5 Bxc5 16. dxc5 e5 17. Be2 Rfe8 18. b4 Ne7 19. Qb3 Nf5 20. Bd2 e4 21. Nd4 e3
22. Bxe3 Nxe3 23. fxe3 Qg3 24. Bf3 Bxh3 25. Ne2 Qg5 26. Nf4 Be6 27. Qc2 Bf5 28.
Qd2 Rcd8 29. Re2 Be4 30. Rf1 Bxf3 31. Rxf3 Ne4 32. Qd3 Re5 33. Nh3 Qh4 34. Nf2
Ng3 35. Rd2 Rh5 36. Nh3 g5 37. Qd4 Qxd4 38. cxd4 Ne4 39. Rc2 g4 40. Nf4 Rh4 41.
g3 Rh3 42. Nxh3 gxf3 43. g4 Kh7 44. Nf2 Rg8 45. c6 Nd6 46. Kh2 Nc4 47. Rc3 Rc8
48. Kg3 Rxc6 49. e4 dxe4 50. Nxe4 Kg6 51. Kxf3 Nd2+ 52. Kf4 Rxc3 53. Nxc3 Nc4
54. Nd5 a5 55. bxa5 Nxa5 56. Nc7 b4 57. d5 Kf6 58. d6 b3 59. axb3 Nxb3 60. Ke4
Nc5+ 61. Kd5 Nd7 62. Ne8+ Kg5 63. Kc6 Ne5+ 64. Kd5 Nd7 65. Kc6 Nf8 66. Kd5 Kxg4
67. Ke5 Nd7+ 68. Kd5 f5 69. Ke6 Nb8 70. Nf6+ Kf4 71. Nd5+ Ke4 72. Nf6+ Kf4 73.
Nd5+ Kg5 74. Ke5 h5 75. Ne7 f4 76. Ke4 h4 77. Kf3 Nd7 78. Nd5 Ne5+ 79. Ke4 1/2-1/2

[Event "POLFINAL MISTRZOSTW POLSKI JUNIOROW 2016 - C15"]
[Site "Centrum Kongresow i Rekreacji Orle Gniazdo ul. Wrzosowa 28a, Szczyrk"]
[Date "1899-12-30"]
[Round "6.18"]
[White "Byra, Aron"]
[Black "Pospiech, Mateusz"]
[Result "1-0"]
[WhiteTitle "II"]
[BlackTitle "III"]
[WhiteElo "1232"]
[BlackElo "1153"]

1. e4 e6 2. d4 d5 3. e5 c5 4. c3 Nc6 5. Bb5 Qb6 6. Bxc6+ Qxc6 7. Nf3 Nh6 8. Bxh6
gxh6 9. b3 b6 10. Nbd2 Be7 11. Rc1 Ba6 12. a3 c4 13. b4 b5 14. Ra1 Bb7 15. a4
a6 16. axb5 axb5 17. Rxa8+ Bxa8 18. Qa1 O-O 19. Qc1 Qa6 20. O-O f6 21. Nb1 fxe5
22. Nxe5 Bc6 23. Qxh6 Bf6 24. Ng4 Bg7 25. Qxe6+ Kh8 26. Ne5 Bxe5 27. Qxe5+ Kg8
28. Re1 Qa1 29. Qe6+ Kg7 30. Qxc6 Qb2 31. Qc7+ Rf7 32. Qe5+ Rf6 33. Qg5+ Kf7 34.
Qh5+ Rg6 35. Qxh7+ Rg7 36. Qf5+ Kg8 37. Re8# 1-0

[Event "POLFINAL MISTRZOSTW POLSKI JUNIOROW 2016 - C15"]
[Site "Centrum Kongresow i Rekreacji Orle Gniazdo ul. Wrzosowa 28a, Szczyrk"]
[Date "1899-12-30"]
[Round "7.1"]
[White "Kawalko, Adam"]
[Black "Kupiecki, Szymon"]
[Result "1-0"]
[WhiteTitle "II+"]
[BlackTitle "II"]
[WhiteElo "1659"]
[BlackElo "1742"]

1. e4 c5 2. Nf3 Nc6 3. d4 cxd4 4. Nxd4 Nf6 5. Nc3 e5 6. Ndb5 d6 7. Bg5 a6 8. Na3
b5 9. Nd5 Be7 10. Bxf6 Bxf6 11. c3 Bg5 12. Be2 O-O 13. O-O f5 14. Bf3 Ra7 15.
Qd3 Raf7 16. Rad1 fxe4 17. Bxe4 Bf5 18. Nc2 Bh4 19. Bxf5 Rxf5 20. g3 Bg5 21. Nde3
Bxe3 22. Nxe3 R5f7 23. Qxd6 Qb6 24. Qe6 Kh8 25. Rd6 Rf6 26. Qd5 Rxd6 27. Qxd6
h6 1-0

[Event "POLFINAL MISTRZOSTW POLSKI JUNIOROW 2016 - C15"]
[Site "Centrum Kongresow i Rekreacji Orle Gniazdo ul. Wrzosowa 28a, Szczyrk"]
[Date "1899-12-30"]
[Round "7.2"]
[White "Filewicz, Radoslaw"]
[Black "Posluszny, Tomasz"]
[Result "1-0"]
[WhiteTitle "I"]
[BlackTitle "II"]
[WhiteElo "1827"]
[BlackElo "1783"]

1. d4 Nf6 2. Nf3 e6 3. g3 b6 4. Bg2 Bb7 5. O-O Be7 6. Bg5 d6 7. Bxf6 Bxf6 8. Qd3
Nd7 9. Nbd2 O-O 10. Ng5 Bxg5 11. Bxb7 Rb8 12. Bg2 Bxd2 13. Qxd2 Qe7 14. Rad1 d5
15. e4 Nf6 16. exd5 exd5 17. Rfe1 Qd6 18. Re5 Rfe8 19. Rde1 Kf8 20. c3 c6 21.
Qf4 Qd7 22. Bf3 Rbd8 23. Kg2 Ne4 24. Bxe4 dxe4 25. R1xe4 Rxe5 26. Rxe5 Re8 27.
Rxe8+ Kxe8 28. Qe4+ Kf8 29. a3 g6 30. Qe5 h5 31. c4 Qb7 32. d5 cxd5 33. cxd5 b5
34. h4 a5 35. Kg1 Qd7 36. d6 Kg8 37. Qe7 Qc6 38. d7 1-0

[Event "POLFINAL MISTRZOSTW POLSKI JUNIOROW 2016 - C15"]
[Site "Centrum Kongresow i Rekreacji Orle Gniazdo ul. Wrzosowa 28a, Szczyrk"]
[Date "1899-12-30"]
[Round "7.3"]
[White "Poplawski, Maciej"]
[Black "Namyslak, Piotr"]
[Result "0-1"]
[WhiteTitle "I"]
[BlackTitle "I"]
[WhiteElo "1875"]
[BlackElo "1754"]

1. d4 Nf6 2. Nf3 g6 3. c4 Bg7 4. Nc3 O-O 5. Bg5 d6 6. e3 Bg4 7. Be2 Nc6 8. O-O
h6 9. Bh4 g5 10. Bg3 Nh5 11. Nd2 Nxg3 12. fxg3 Bxe2 13. Qxe2 f5 14. Qf3 Qd7 15.
Rab1 e5 16. Qd5+ Rf7 17. dxe5 dxe5 18. Nb3 Qxd5 19. Nxd5 Raf8 20. Nc5 Nd8 21.
Rbd1 c6 22. Nb4 e4 23. b3 b6 24. Nd7 Re8 25. c5 bxc5 26. Nxc5 Ne6 27. Nca6 c5
28. Nc6 f4 29. Rfe1 fxe3 30. Rxe3 Nd4 31. Nxc5 Nxc6 32. Rxe4 Rxe4 33. Nxe4 Bd4+
34. Kh1 Re7 35. Nd2 Bf2 36. Nf3 g4 37. Nd2 Rd7 0-1

[Event "POLFINAL MISTRZOSTW POLSKI JUNIOROW 2016 - C15"]
[Site "Centrum Kongresow i Rekreacji Orle Gniazdo ul. Wrzosowa 28a, Szczyrk"]
[Date "1899-12-30"]
[Round "7.4"]
[White "Dzwierzynski, Bartosz"]
[Black "Paliwoda, Borys"]
[Result "0-1"]
[WhiteTitle "II"]
[BlackTitle "II+"]
[WhiteElo "1650"]
[BlackElo "1717"]

1. d4 d5 2. c4 e6 3. Nc3 Be7 4. Nf3 Nf6 5. cxd5 exd5 6. Bg5 h6 7. Bh4 O-O 8. e3
c6 9. Qc2 Nbd7 10. Bd3 Nb6 11. O-O Be6 12. a4 Rc8 13. Qe2 Nbd7 14. Rab1 c5 15.
dxc5 Nxc5 16. Nb5 a6 17. Nc3 Nfe4 18. Bxe7 Qxe7 19. Bxe4 dxe4 20. Nd4 Bd7 21.
a5 Qe5 22. f4 exf3 23. Qxf3 Bc6 24. Nxc6 Rxc6 25. Qf4 Nd3 26. Qxe5 Nxe5 27. Na4
Nc4 28. Rfe1 Nxa5 29. b4 Nc4 30. Nc5 b5 31. Nb3 Re8 32. Kf2 Rf6+ 33. Kg1 Rxe3
34. Nc5 Rc6 35. Rxe3 Nxe3 36. Ra1 Nc2 37. Rxa6 Nxb4 38. Rxc6 Nxc6 39. Kf2 Kf8
40. Ke3 Ke7 41. Ke4 Kd6 42. Nb7+ Kc7 43. Nc5 Kb6 44. Kd5 Ne7+ 45. Kd4 Nf5+ 46.
Kd5 Ne3+ 47. Kd4 Nxg2 48. Nd7+ Ka5 49. Kc5 f5 50. Nb8 f4 51. Nc6+ Ka4 52. Nd4
b4 53. Kc4 g5 0-1

[Event "POLFINAL MISTRZOSTW POLSKI JUNIOROW 2016 - C15"]
[Site "Centrum Kongresow i Rekreacji Orle Gniazdo ul. Wrzosowa 28a, Szczyrk"]
[Date "1899-12-30"]
[Round "7.5"]
[White "Jarzebowski, Kacper"]
[Black "Kukorowski, Jan"]
[Result "0-1"]
[WhiteTitle "I+"]
[BlackTitle "I"]
[WhiteElo "1852"]
[BlackElo "1700"]

1. e4 e6 2. Nf3 d5 3. Nc3 Nf6 4. e5 Nfd7 5. d4 c5 6. dxc5 Nc6 7. Bf4 Bxc5 8. Bd3
f6 9. exf6 Qxf6 10. Bg5 Qf7 11. O-O O-O 12. Bd2 h6 13. Qe2 a6 14. a4 Nf6 15. Nd1
Bd7 16. c3 Qh5 17. Bf4 Ne4 18. Bg3 Nxg3 19. hxg3 e5 20. Nh2 Qg5 21. b4 Bb6 22.
Kh1 e4 23. Bc2 Ne5 24. Nb2 Bg4 25. Qe1 Qh5 26. Bd1 Rxf2 27. Rxf2 Bxf2 28. Qxf2
Bxd1 29. Rxd1 Ng4 30. Qg1 Rf8 31. Rxd5 g5 32. Nd1 Nxh2 0-1

[Event "POLFINAL MISTRZOSTW POLSKI JUNIOROW 2016 - C15"]
[Site "Centrum Kongresow i Rekreacji Orle Gniazdo ul. Wrzosowa 28a, Szczyrk"]
[Date "1899-12-30"]
[Round "7.6"]
[White "Urbanski, Wojciech"]
[Black "Polczyk, Mikolaj"]
[Result "1-0"]
[WhiteTitle "II"]
[BlackTitle "I"]
[WhiteElo "1730"]
[BlackElo "1793"]

1. e4 c5 2. Nf3 d6 3. d4 cxd4 4. Nxd4 Nf6 5. Nc3 Nc6 6. f3 e5 7. Nb3 Be7 8. Be3
O-O 9. Qd2 a5 10. Bb5 Be6 11. Rd1 Nb4 12. a3 Na6 13. O-O Qc7 14. Na4 Nc5 15. Nbxc5
dxc5 16. Qf2 b6 17. Nc3 Rfd8 18. Rxd8+ Rxd8 19. Rd1 Rxd1+ 20. Nxd1 Qd8 21. Nc3
Nh5 22. Qd2 Qxd2 23. Bxd2 Nf6 24. f4 Bd6 25. f5 Bc8 26. Bc6 Ba6 27. Kf2 c4 28.
Kf3 Bc5 29. Nb5 Kf8 30. Bc3 Bxb5 31. Bxb5 Bd6 32. Bxc4 Nd7 33. b4 axb4 34. axb4
Ke7 35. Bb5 Kd8 36. Bxd7 Kxd7 37. b5 f6 38. Ke2 g6 39. g4 gxf5 40. gxf5 Bc5 41.
Kd3 Bg1 42. h3 Kd6 43. Kc4 Bc5 44. Bb4 Bxb4 45. Kxb4 Kc7 46. Kc4 Kd6 47. h4 h5
48. c3 Kc7 49. Kd5 Kd7 50. c4 1-0

[Event "POLFINAL MISTRZOSTW POLSKI JUNIOROW 2016 - C15"]
[Site "Centrum Kongresow i Rekreacji Orle Gniazdo ul. Wrzosowa 28a, Szczyrk"]
[Date "1899-12-30"]
[Round "7.7"]
[White "Marczak, Szymon"]
[Black "Burzak, Wojciech"]
[Result "1/2-1/2"]
[WhiteTitle "I"]
[BlackTitle "I"]
[WhiteElo "1789"]
[BlackElo "1624"]

1. e4 c5 2. Nf3 e6 3. b3 d5 4. exd5 exd5 5. Bb5+ Bd7 6. Bxd7+ Nxd7 7. O-O Ngf6
8. Bb2 Be7 9. d4 O-O 10. Nc3 Rc8 11. Qd3 Re8 12. Rad1 c4 13. bxc4 dxc4 14. Qf5
Nb6 15. Rfe1 Nbd5 16. Nxd5 Qxd5 17. Re5 Qd7 18. Qxd7 Nxd7 19. Rb5 b6 20. Re1 Bf8
21. Kf1 a6 22. Rd5 Nf6 23. Rxe8 Rxe8 24. Re5 Bd6 25. Rxe8+ Nxe8 26. Ke2 Nc7 27.
Ne5 b5 28. c3 f6 29. Nc6 Nd5 30. a3 Nf4+ 31. Kd2 Nd3 32. Ba1 Bxa3 33. Nb8 Nxf2
34. Nxa6 Nd3 35. Nc7 b4 36. cxb4 Bxb4+ 37. Bc3 Bd6 38. Nb5 Bxh2 39. Ke3 Kf7 40.
Na3 Nf4 41. Nxc4 Nd5+ 42. Kd3 Nxc3 43. Kxc3 Ke6 44. Kd3 Bc7 45. g4 g6 46. Ke4
f5+ 47. gxf5+ gxf5+ 48. Kf3 h6 49. Ne3 h5 50. Ng2 Kd5 51. Nh4 f4 52. Ng6 1/2-1/2

[Event "POLFINAL MISTRZOSTW POLSKI JUNIOROW 2016 - C15"]
[Site "Centrum Kongresow i Rekreacji Orle Gniazdo ul. Wrzosowa 28a, Szczyrk"]
[Date "1899-12-30"]
[Round "7.8"]
[White "Kaminski, Antoni"]
[Black "Dytman, Radoslaw"]
[Result "0-1"]
[WhiteTitle "II+"]
[BlackTitle "I"]
[WhiteElo "1611"]
[BlackElo "1771"]

1. e4 e5 2. Nf3 Nc6 3. Bb5 a6 4. Ba4 Nf6 5. O-O b5 6. Bb3 Bc5 7. Nxe5 Nxe5 8. d4
Bxd4 9. Qxd4 d6 10. f4 c5 11. Qe3 Neg4 12. Qf3 c4 13. e5 Qb6+ 14. Kh1 Bb7 15.
Qe2 Ne4 16. Bxc4 Nef2+ 17. Kg1 Nh3+ 18. Kh1 Qg1+ 0-1

[Event "POLFINAL MISTRZOSTW POLSKI JUNIOROW 2016 - C15"]
[Site "Centrum Kongresow i Rekreacji Orle Gniazdo ul. Wrzosowa 28a, Szczyrk"]
[Date "1899-12-30"]
[Round "7.9"]
[White "Butyrowski, Marcel"]
[Black "Ciesielski, Jan"]
[Result "1/2-1/2"]
[WhiteTitle "I"]
[BlackTitle "II+"]
[WhiteElo "1742"]
[BlackElo "1784"]

1. Nf3 d5 2. c4 c6 3. e3 Nf6 4. Nc3 Bg4 5. cxd5 Nxd5 6. d4 e6 7. Be2 Nd7 8. e4
N5f6 9. O-O Bb4 10. Qc2 O-O 11. Be3 Rc8 12. Rfd1 Qc7 13. Rac1 Rfd8 14. a3 Bxc3
15. bxc3 c5 16. d5 exd5 17. exd5 Bxf3 18. Bxf3 Ne5 19. Qe2 b5 20. Bf4 Nxf3+ 21.
Qxf3 Qb7 22. Bg5 Rxd5 23. Bxf6 Rxd1+ 24. Qxd1 gxf6 25. Qh5 Qe4 26. Rd1 Re8 27.
h3 Qe2 28. Qd5 Re5 29. Qd8+ Re8 30. Qd7 Re7 31. Qd8+ Re8 32. Qd7 Re7 33. Qd8+
Re8 34. Qd7 Re7 35. Qd8+ Re8 36. Qd7 Re7 1/2-1/2

[Event "POLFINAL MISTRZOSTW POLSKI JUNIOROW 2016 - C15"]
[Site "Centrum Kongresow i Rekreacji Orle Gniazdo ul. Wrzosowa 28a, Szczyrk"]
[Date "1899-12-30"]
[Round "7.10"]
[White "Zolkiewski, Jakub"]
[Black "Kaminski, Maciej"]
[Result "0-1"]
[WhiteTitle "I"]
[BlackTitle "I"]
[WhiteElo "1607"]
[BlackElo "1782"]

1. d4 Nf6 2. c4 g6 3. Nc3 Bg7 4. e4 d6 5. f3 O-O 6. Be3 b6 7. Bd3 c5 8. Nge2 Nc6
9. d5 Ne5 10. O-O Ba6 11. b3 e6 12. Bc2 Re8 13. Qd2 exd5 14. exd5 Bxc4 15. Bg5
Bxe2 16. Nxe2 b5 17. Ng3 Qb6 18. Kh1 Ned7 19. Rae1 Re5 20. Rxe5 Nxe5 21. f4 Ned7
22. f5 Re8 23. fxg6 fxg6 24. h4 Qb7 25. h5 Qxd5 26. hxg6 Qxd2 27. gxh7+ Nxh7 28.
Bxd2 Nhf6 29. Bg5 Ng4 30. Nf5 Ndf6 31. Nxd6 Re2 32. Bf5 Nh5 33. Bxg4 Ng3+ 34.
Kg1 Bd4+ 35. Kh2 Nxf1+ 36. Kh3 Re5 37. Bf4 Re7 38. g3 b4 39. Kg2 Ne3+ 40. Bxe3
Rxe3 41. Nf5 Rc3 42. Nxd4 cxd4 43. Bf5 d3 44. Kf2 Rc2+ 45. Ke3 Rxa2 46. Kxd3 Kf7
47. Kc4 a5 48. g4 Kf6 49. Kb5 Ke5 50. Kc4 Kf4 51. Kd4 Ra1 52. Kd3 Rc1 53. Kd4
a4 54. bxa4 b3 55. a5 b2 56. a6 Rc7 57. Kd5 Ra7 58. Kc4 Rxa6 59. Kb3 Rb6+ 60.
Ka2 Ke3 61. Bh7 Kd2 62. Bf5 Kc3 0-1

[Event "POLFINAL MISTRZOSTW POLSKI JUNIOROW 2016 - C15"]
[Site "Centrum Kongresow i Rekreacji Orle Gniazdo ul. Wrzosowa 28a, Szczyrk"]
[Date "1899-12-30"]
[Round "7.11"]
[White "Sloniewski, Michal"]
[Black "Rak, Maciej"]
[Result "0-1"]
[WhiteTitle "I"]
[BlackTitle "II+"]
[WhiteElo "1579"]
[BlackElo "1619"]

1. d4 d5 2. c4 e6 3. cxd5 exd5 4. Nc3 Nf6 5. Bg5 Be7 6. e3 c6 7. Qc2 Nbd7 8. Bd3
O-O 9. Nf3 Re8 10. h3 h6 11. Bf4 Nb6 12. Ne5 Bd6 13. O-O-O Bxe5 14. Bxe5 Nbd7
15. f4 b5 16. Kb1 Qb6 17. g4 Nxe5 18. fxe5 Nd7 19. h4 Nf8 20. g5 h5 21. g6 fxg6
22. Bxg6 Nxg6 23. Qxg6 Bg4 24. Rdf1 Rf8 25. Rf6 Qb7 26. Rhf1 Qd7 27. R1f4 Rxf6
28. Rxf6 Rf8 29. e6 Qe7 30. Rf7 Rxf7 31. exf7+ Qxf7 32. Qxc6 Qf1+ 33. Kc2 b4 34.
Qxd5+ Kh7 35. Kb3 bxc3 36. bxc3 Qb1+ 37. Ka3 Qc1+ 38. Kb4 Qb2+ 39. Ka4 Bd1+ 40.
Qb3 Qxa2+ 0-1

[Event "POLFINAL MISTRZOSTW POLSKI JUNIOROW 2016 - C15"]
[Site "Centrum Kongresow i Rekreacji Orle Gniazdo ul. Wrzosowa 28a, Szczyrk"]
[Date "1899-12-30"]
[Round "7.12"]
[White "Golinski, Kacper"]
[Black "Galuszka, Tomasz"]
[Result "0-1"]
[WhiteTitle "II"]
[BlackTitle "II+"]
[WhiteElo "1414"]
[BlackElo "1752"]

1. d4 d5 2. c4 c6 3. Nc3 Nf6 4. Nf3 e6 5. Bg5 h6 6. Bh4 g5 7. Bg3 dxc4 8. a4 Bb4
9. Qc2 Qa5 10. e3 Nd5 11. Rc1 b5 12. Be2 Be7 13. O-O Bd7 14. Ne5 Na6 15. Nxd5
cxd5 16. Nxd7 Kxd7 17. axb5 Nb4 18. Qb1 Na2 19. Rc2 Rhc8 20. f4 f5 21. fxg5 hxg5
22. Be1 Bb4 23. Bxb4 Nxb4 24. Rcc1 Rab8 25. g4 fxg4 26. Bxg4 Nd3 27. Rf7+ Kd6
28. Rcf1 Qd2 29. R7f3 Rxb5 30. Qa1 Ra5 31. Qd1 Qxd1 32. Rxd1 Nxb2 33. Rdf1 c3
34. Rf6 Re8 35. Rc1 Ra3 36. Rg6 Nd3 37. Rc2 Nb4 38. Rc1 c2 39. Bf5 Rxe3 40. Bxc2
Rc3 41. Ra1 Rxc2 42. Rxa7 Rh8 43. Rgg7 0-1